000 00440nam a2200133Ia 4500
008 260210s9999 xx 000 0 und d
024 _a10B-001-BS, 10B-46-BS & 10B-47-BS
082 _a621.3892072 RAM
100 _aRamla Rizwan, Alina Baber & Mahira Shafique
245 0 _aE-Voting System Through Iris Recognition
260 _aKarachi:
_bUITU,
_c2010
600 _aComputer Science
650 _aBachelor of Computer Science (BS)
999 _c32128
_d32128